| 000 | 02383cam a22005054i 4500 | ||
|---|---|---|---|
| 003 | PE-LiUPU | ||
| 005 | 20250731173404.0 | ||
| 008 | 150706s2009 flu rb 000 0 spa d | ||
| 020 | _a9780829753905 | ||
| 035 | _a(Sirsi) i9780829753905 | ||
| 040 |
_aPE-LiUPU _bspa _cPE-LiUPU _erda |
||
| 049 | _aPRUA | ||
| 082 | 0 | 4 |
_a226.406 _bB16 _221 |
| 100 | 1 |
_aBailey, Kenneth E , _eautor. |
|
| 245 | 1 | 4 |
_aLas parábolas de Lucas : _bun acercamiento literario a través de la mirada de los campesinos de oriente medio / _cKenneth E. Bailey. |
| 264 | 1 |
_aMiami, Florida : _bVida, _c2009. |
|
| 300 |
_a298 páginas ; _c23 centímetros |
||
| 336 |
_atext _2rdacontent |
||
| 337 |
_aunmediated _2rdamedia |
||
| 338 |
_avolume _2rdacarrier |
||
| 490 | 1 |
_aBiblioteca Teológica Vida ; _v6 |
|
| 504 | _aIncluye bibliografía en español y en otras lenguas. | ||
| 505 | 0 | _a¿Qué es una parábola? -- Las parábolas están donde las encuentras -- La interpretación de las parábolas -- Los dos deudores (Luc. 7:36-50) -- La zorra, el funeral y el arado (Luc. 9:57-62) -- El buen Samaritano (Luc. 9:57-62) -- El rico insensato (Luc. 12:13-21) -- Pilato, la torre y la higuera (Luc.13:1-9) -- El gran banquete (Luc.14:15-24) -- El siervo obediente (Luc. 17:7-10) -- El juez y la viuda (Luc. 18:1-8) -- El fariseo y el recaudador de impuestos (Luc. 18:9-14) -- El camello y la aguja (Luc. 18:18-30) -- El amigo a media noche (Luc. 11:5-8). | |
| 526 | _aSEG42 | ||
| 526 | _aSEG41 | ||
| 526 | _aSEG40 | ||
| 526 | _aSEG39 | ||
| 526 | _aP94 | ||
| 526 | _aP87 | ||
| 526 | _aP86 | ||
| 526 | _aP85 | ||
| 526 | _aP77 | ||
| 526 | _aP76 | ||
| 526 | _aP35 | ||
| 541 | _g001-0000520; | ||
| 600 | 1 |
_aJesucristo _xParábolas _95096 |
|
| 630 |
_aBiblia. _pN.T. _pLucas _xCrítica, interpretación, etc. |
||
| 700 | 1 |
_aGonzález, Dorcas, _etraductor |
|
| 910 |
_bjv _clch _d20110808 |
||
| 942 |
_2ddc _cBOOK |
||
| 949 |
_a226.406 B16 _wDEWEY _c1 _i63249 _lCCODEBUL1 _mBUL _p14.00 _r0 _sY _tBOOK _u2015-7-6 _xTEOLOGIA _PP35 _o.STAFF. Colección Teología |
||
| 994 |
_aC0 _bPEPRU |
||
| 596 | _a1 | ||
| 999 |
_a226.406 B16 _wDEWEY _c52250 _i63249 _d52250 _e2017-6-16 _f2021-11-9 _g5 _lCCODEBUL1 _mBUL _n4 _p14.00 _q2 _r0 _sY _tBOOK _u2015-7-6 _xTEOLOGIA _PP35 _0COMPRA _o.STAFF. Colección Teología |
||
| 980 |
_81 _gALBERTO SANCHEZ Responsable de Automatización |
||